000 00366nam a2200133Ia 4500
008 100328s9999 xx 000 0 und d
082 _b24961
100 _aपाठक गंगाधर रामचंद्र
245 _aअमृतपाश
260 _bअभय
630 _aअमृतपाश
730 _aअमृतपाश
942 _cBOOK
999 _c518024
_d518021